<?xml version="1.0" encoding="UTF-8"?>
<record
    xmlns:xsi="http://www.w3.org/2001/XMLSchema-instance"
    xsi:schemaLocation="http://www.loc.gov/MARC21/slim http://www.loc.gov/standards/marcxml/schema/MARC21slim.xsd"
    xmlns="http://www.loc.gov/MARC21/slim">

  <leader>01503nam a2200253 i 4500</leader>
  <controlfield tag="003">DO-SdBNP</controlfield>
  <controlfield tag="005">20230413092620.0</controlfield>
  <controlfield tag="006">a|||||r|||| 00| 0 </controlfield>
  <controlfield tag="007">ta</controlfield>
  <controlfield tag="008">230412q1949    dr ao||gr|||| 001 e spa d</controlfield>
  <datafield tag="040" ind1=" " ind2=" ">
    <subfield code="a">DO-SdBNP</subfield>
    <subfield code="b">spa</subfield>
    <subfield code="c">BNPHU</subfield>
    <subfield code="e">rda</subfield>
  </datafield>
  <datafield tag="082" ind1=" " ind2="4">
    <subfield code="2">22</subfield>
    <subfield code="b">B982u</subfield>
  </datafield>
  <datafield tag="245" ind1="1" ind2="3">
    <subfield code="a">Una satrap&#xED;a en el caribe : </subfield>
    <subfield code="b">historia puntual de la mala vida del d&#xE9;spota Rafael Leonidas Trujillo /</subfield>
    <subfield code="c">Gragorio R. Bustamante</subfield>
  </datafield>
  <datafield tag="246" ind1="1" ind2="4">
    <subfield code="a">Una satrap&#xED;a en el caribe : </subfield>
    <subfield code="b">sus curas y sus guardias</subfield>
  </datafield>
  <datafield tag="264" ind1=" " ind2=" ">
    <subfield code="a">Santo Domingo :</subfield>
    <subfield code="b">Central del Libro, C por A.</subfield>
    <subfield code="c">&#xBF;1949?</subfield>
  </datafield>
  <datafield tag="300" ind1=" " ind2=" ">
    <subfield code="a">246 p&#xE1;ginas :</subfield>
    <subfield code="b">Ilustraciones, fotograf&#xED;as ,</subfield>
    <subfield code="c">20 cm.</subfield>
  </datafield>
  <datafield tag="336" ind1=" " ind2=" ">
    <subfield code="2">rdaconten</subfield>
    <subfield code="a">texto</subfield>
    <subfield code="b">txt</subfield>
  </datafield>
  <datafield tag="337" ind1=" " ind2=" ">
    <subfield code="2">rdamedia</subfield>
    <subfield code="a">sin medici&#xF3;n</subfield>
  </datafield>
  <datafield tag="338" ind1=" " ind2=" ">
    <subfield code="2">rdacarrier</subfield>
    <subfield code="a">volumen</subfield>
    <subfield code="b">nc</subfield>
  </datafield>
  <datafield tag="505" ind1=" " ind2=" ">
    <subfield code="a">Dedicatoria.</subfield>
  </datafield>
  <datafield tag="505" ind1=" " ind2=" ">
    <subfield code="a">Advertencia indispensable</subfield>
    <subfield code="t">Cap&#xED;tulo I.- La familia de los Trujillo.--</subfield>
    <subfield code="t">Cap&#xED;tulo II.- La familia de Chapita.--</subfield>
    <subfield code="t">Cap&#xED;tulo III.- Los que rodean al S&#xE1;trapa: alcahuetes, bufones, lacayos y aduladores.--</subfield>
    <subfield code="t">Cap&#xED;tulo IV.- Tretas de que se vali&#xF3; el megalom&#xE1;nico Trujillo para captar el poder.--</subfield>
    <subfield code="t">Cap&#xED;tulo V.- C&#xF3;mo se sostiene el S&#xE1;trapa.--</subfield>
    <subfield code="t">Cap&#xED;tulo VI.- La ferocidad m&#xE1;s que neroniana del mulato Chapita.--</subfield>
    <subfield code="t">Cap&#xED;tulo VII.- Inexistencai de los Poderes Legislativos y Judicial y trasiegos burocr&#xE1;ticos.--</subfield>
    <subfield code="t">Cap&#xED;tulo VIII.- Un r&#xE9;gimen monopolista.--</subfield>
    <subfield code="t">Cap&#xED;tulo IX.- La pol&#xED;tica intencional del tirano.--</subfield>
    <subfield code="t">Documentos y noticias corroboradores.</subfield>
  </datafield>
  <datafield tag="590" ind1=" " ind2=" ">
    <subfield code="a">Inventariado 2023 / MF</subfield>
  </datafield>
  <datafield tag="942" ind1=" " ind2=" ">
    <subfield code="2">ddc</subfield>
    <subfield code="c">LBS1</subfield>
  </datafield>
  <datafield tag="952" ind1=" " ind2=" ">
    <subfield code="0">0</subfield>
    <subfield code="1">0</subfield>
    <subfield code="2">ddc</subfield>
    <subfield code="5">1</subfield>
    <subfield code="7">0</subfield>
    <subfield code="8">PD-RV</subfield>
    <subfield code="a">BNPHU</subfield>
    <subfield code="b">BNPHU</subfield>
    <subfield code="c">CT</subfield>
    <subfield code="d">0000-00-00</subfield>
    <subfield code="e">Donado por Nelson Aquino</subfield>
    <subfield code="o">B982u</subfield>
    <subfield code="p">2023-1333</subfield>
    <subfield code="r">2023-04-12</subfield>
    <subfield code="w">2023-04-12</subfield>
    <subfield code="y">LBS1</subfield>
  </datafield>
  <datafield tag="999" ind1=" " ind2=" ">
    <subfield code="c">53215</subfield>
    <subfield code="d">53215</subfield>
  </datafield>
</record>
